000 00291nam a2200109Ia 4500
008 171211s9999 xx 000 0 und d
020 _a9789719804420
100 _aPalmares,Aaron Jan S.
245 _aDiagnostic Microbiology Workbook
260 _bC & E Publishing
_c2016
300 _a81 pages
999 _c350870
_d350870